000 00341nam a2200145Ia 4500
008 230711s9999||||xx |||||||||||||| ||und||
041 _aENG
082 _a621
_bSH-A
100 _aShaw,George Bernard
245 0 _aArms and the man
250 _a4th Ed.
260 _c1991
_aNew Delhi
_bSuraj Publications
650 _aLiterature
942 _cBK
999 _c212
_d212